LEADER 00774nam0-22002771i-450- 001 990006294330403321 005 19980601 035 $a000629433 035 $aFED01000629433 035 $a(Aleph)000629433FED01 035 $a000629433 100 $a19980601d1942----km-y0itay50------ba 105 $a--------00-yy 200 1 $aCorso di politica economica e finanziaria$fEpicarmo Corbino. 210 $aMilano$cGiuffre'$d1942 215 $aXI,, 528 p.$d24 cm 676 $a338.926 700 1$aCorbino,$bEpicarmo$f<1890-1984>$068068 801 0$aIT$bUNINA$gRICA$2UNIMARC 901 $aBK 912 $a990006294330403321 952 $aXV L 9$b24837$fFGBC 959 $aFGBC 996 $aCorso di politica economica e finanziaria$9514041 997 $aUNINA DB $aGIU01 LEADER 00887nam0-2200313---450- 001 990009323570403321 005 20110223120511.0 035 $a000932357 035 $aFED01000932357 035 $a(Aleph)000932357FED01 035 $a000932357 100 $a20110223d1970----km-y0itay50------ba 101 0 $aita 102 $aIT 105 $aa---j---001yy 200 1 $a<>allevamento redditizio dei suini$emanuale pratico 210 $aMilano$cG. De Vecchi$d1970 215 $a251 p.$cill., 4 c. di tav.$d21 cm 225 1 $a<>manuali dell'allevatore 610 0 $aSuini$aAllevamento 676 $a636.4$v17$zita 700 1$aMainardi Fazio,$bFausta$036890 801 0$aIT$bUNINA$gRICA$2UNIMARC 901 $aBK 912 $a990009323570403321 952 $a636.4-17$b155$fDMVBF 959 $aDMVBF 996 $aAllevamento redditizio dei suini$9765733 997 $aUNINA LEADER 01693nam2 2200385 i 450 001 SUN0125616 005 20200330092026.799 010 $d0.00 017 70$2N$a9783319680972 100 $a20191126d2018 |0engc50 ba 101 $aeng 102 $aCH 105 $a|||| ||||| 200 1 $a<<*Antibacterials>> 1. / Jed F. Fisher, Shahriar Mobashery, Marvin J. Miller editors 210 $aCham$cSpringer$d2018 215 $aXIII, 194 p.$cill.$d24 cm. 410 1$1001SUN0123522$12001 $a*Topics in Medicinal Chemistry$v25$1210 $aCham$cSpringer. 461 1$1001SUN0125615$12001 $a*Antibacterials$fJed F. Fisher, Shahriar Mobashery, Marvin J. Miller editors$v1$1210 $aCham$cSpringer$d2018$1215 $avolumi$d24 cm. 620 $aCH$dCham$3SUNL001889 676 $a572$cBiochimica. Citochimica. Istochimica$v22 676 $a540$cChimica generale$v22 676 $a547$cChimica organica$v22 676 $a615.19$cChimica farmaceutica. Tecnologia farmaceutica$v22 702 1$aFisher$b, Jed F.$3SUNV097036 702 1$aMobashery$b, Shahriar$3SUNV097037 702 1$aMiller$b, Marvin J.$3SUNV097038 712 $aSpringer$3SUNV000178$4650 790 1$aFisher, J. F.$zFisher, Jed F.$3SUNV103762 790 1$aMiller, M. J.$zMiller, Marvin J.$3SUNV103763 801 $aIT$bSOL$c20200921$gRICA 856 4 $uhttps://link.springer.com/book/10.1007%2F978-3-319-68097-2#toc 912 $aSUN0125616 950 $aUFFICIO DI BIBLIOTECA DEL DIPARTIMENTO DI SCIENZE E TECNOLOGIE AMBIENTALI BIOLOGICHE E FARMACEUTICHE$d17CONS e-book 2112 $e17BIB2112 225 20191126 996 $aAntibacterials 1$91566646 997 $aUNICAMPANIA LEADER 07425oam 2201825M 450 001 9910715620903321 005 20240520151130.0 035 $a(CKB)5470000002513859 035 $a(OCoLC)1065967422 035 $a(OCoLC)995470000002513859 035 $a(EXLCZ)995470000002513859 100 $a20070221d1841 ua 0 101 0 $aeng 135 $aurcn||||||||| 181 $ctxt$2rdacontent 182 $cc$2rdamedia 183 $acr$2rdacarrier 200 10$aMessage from the President of the United States to the two Houses of Congress, at the commencement of the second session of the Twenty-seventh Congress. December 7, 1841. Read, and ordered to be printed with the accompanying documents; and that 3,500 additional copies of the message, and 1,500 additional copies of the message and documents, be furnished for the use of the Senate 210 1$a[Washington, D.C.] :$c[publisher not identified],$d1841. 215 $a1 online resource (494 pages)$cillustrations, maps, tables 225 1 $aSenate document / 27th Congress, 2nd session. Senate ;$vno. 1 225 1 $a[United States congressional serial set] ;$v[serial no. 395] 300 $aReport of the Secretary of War, p. 59. 300 $aReport of the Major General Commanding the Army, p. 77. 300 $aReport of the Officer in Charge of the Ordnance Department, p. 100. 300 $aReport of the Quartermaster General, p. 107. 300 $aReport of the Chief Engineer, p. 114. 300 $aReport of the Chief of the Bureau of Topographical Engineers, p. 167. 300 $aReport of the Paymaster General, p. 215. 300 $aReport of the Surgeon General, p. 218. 300 $aReport of the Commissary of Purchases, p. 220. 300 $aReport of the Commissary of General Subsistence, p. 239. 300 $aReport of the Commissioner of Pensions, p. 240. 300 $aReport of the Commissioner of Indian Affairs, p. 251. 300 $aReport on the subject of a national foundry for cannon, p. 359. 300 $aReport on the subject of a depot for gunpowder, p. 363. 300 $aReport of the Secretary of the Navy, p. 367. 300 $aReport of the Postmaster General, p. 457. 300 $aBatch processed record: Metadata reviewed, not verified. Some fields updated by batch processes. 300 $aFDLP item number not assigned. 606 $aArmed Forces 606 $aArsenals 606 $aArmories 606 $aBudget 606 $aCoast defenses 606 $aCurrency convertibility 606 $aArmed Forces$xAppropriations and expenditures 606 $aDiplomatic documents 606 $aRevenue 606 $aFactory and trade waste 606 $aIndians of North America$xGovernment relations 606 $aForeign trade promotion 606 $aForeign trade and employment 606 $aFoundries 606 $aHarbors 606 $aIndian Removal, 1813-1903 606 $aIndian Removal, 1813-1903, in art 606 $aIndians of North America$xWars 606 $aBuildings$xRepair and reconstruction 606 $aInternational relations 606 $aMilitary bases 606 $aConstruction, Military 606 $aConstruction industry$xMilitary aspects 606 $aMilitary art and science 606 $aMilitary pensions 606 $aNational banks (United States) 606 $aMilitary readiness 606 $aSea control 606 $aPaper money 606 $aPatronage, Political 606 $aPostal service 606 $aPublic contracts 606 $aRice 606 $aRoads$xDesign and construction 606 $aSeizure of vessels and cargoes 606 $aEnslaved persons 606 $aSlavery 606 $aSpecies 606 $aMoney 606 $aPresidents$zUnited States$vMessages 606 $aTariff 606 $aSeminole War, 2nd, 1835-1842 606 $aSeminole Indians$xWars 606 $aFinancial statements 607 $aUnited States$xAppropriations and expenditures 607 $aUnited States$xArmed Forces$xAppropriations and expenditures 607 $aCanada$xHistory$yRebellion, 1837-1838$xCampaigns 608 $aLegislative materials.$2lcgft 615 0$aArmed Forces. 615 0$aArsenals. 615 0$aArmories. 615 0$aBudget. 615 0$aCoast defenses. 615 0$aCurrency convertibility. 615 0$aArmed Forces$xAppropriations and expenditures. 615 0$aDiplomatic documents. 615 0$aRevenue. 615 0$aFactory and trade waste. 615 0$aIndians of North America$xGovernment relations. 615 0$aForeign trade promotion. 615 0$aForeign trade and employment. 615 0$aFoundries. 615 0$aHarbors. 615 0$aIndian Removal, 1813-1903. 615 0$aIndian Removal, 1813-1903, in art. 615 0$aIndians of North America$xWars. 615 0$aBuildings$xRepair and reconstruction. 615 0$aInternational relations. 615 0$aMilitary bases. 615 0$aConstruction, Military. 615 0$aConstruction industry$xMilitary aspects. 615 0$aMilitary art and science. 615 0$aMilitary pensions. 615 0$aNational banks (United States) 615 0$aMilitary readiness. 615 0$aSea control. 615 0$aPaper money. 615 0$aPatronage, Political. 615 0$aPostal service. 615 0$aPublic contracts. 615 0$aRice. 615 0$aRoads$xDesign and construction. 615 0$aSeizure of vessels and cargoes. 615 0$aEnslaved persons. 615 0$aSlavery. 615 0$aSpecies. 615 0$aMoney. 615 0$aPresidents 615 0$aTariff. 615 0$aSeminole War, 2nd, 1835-1842. 615 0$aSeminole Indians$xWars. 615 0$aFinancial statements. 701 $aTyler$b John$f1790-1862.$01391312 712 02$aUnited States.$bPresident (1841-1845 : Tyler) 712 02$aUnited States.$bDepartment of the Navy. 712 02$aUnited States.$bDepartment of the Post Office. 712 02$aUnited States.$bSurgeon General. 712 02$aUnited States.$bWar Department. 712 02$aUnited States.$bWar Department.$bEngineer Department. 712 02$aUnited States.$bWar Department.$bOffice of Indian Affairs (1824-1849) 712 02$aUnited States.$bWar Department.$bOffice of the Adjutant General. 712 02$aUnited States.$bWar Department.$bOffice of the Commissary General of Subsistence. 712 02$aUnited States.$bPension Bureau. 712 02$aUnited States.$bWar Department.$bOffice of the Paymaster General. 712 02$aUnited States.$bArmy.$bOrdnance Department. 712 02$aUnited States.$bWar Department.$bQuartermaster's Department (1812-1912) 712 02$aUnited States.$bTopographical Bureau. 801 0$bWYU 801 1$bWYU 801 2$bOCLCO 801 2$bOCLCQ 906 $aBOOK 912 $a9910715620903321 996 $aMessage from the President of the United States to the two Houses of Congress, at the commencement of the second session of the Twenty-seventh Congress. December 7, 1841. Read, and ordered to be printed with the accompanying documents; and that 3,500 additional copies of the message, and 1,500 additional copies of the message and documents, be furnished for the use of the Senate$93517477 997 $aUNINA LEADER 01357nam2 2200301 i 450 001 VAN00000009 005 20240806100206.57 010 $a88-14-08197-2 100 $a20020426d2000 |0itac50 ba 101 $aita 102 $aIT 105 $a|||| ||||| 200 1 $aˆ1: ‰Repubblica Federale Tedesca, Francia, Gran Bretagna, Spagna, Austria$fGiuseppe A. Rescio, Federico Tassinari 210 $aMilano$cGiuffrè$d2000 215 $aVII, 121 p.$d23 cm 461 1$1001VAN00000010$12001 $aˆLa ‰pubblicità commerciale nei paesi dell'Unione europea$fGiuseppe A. Rescio, Federico Tassinari$1210 $aMilano$cGiuffrè$1215 $avolumi$d23 cm$v1 620 $dMilano$3VANL000284 676 $a346.4066$v21 700 1$aRescio$bGiuseppe A.$3VANV000014$0541601 701 1$aTassinari$bFederico$3VANV011132$0232629 712 $aGiuffrè $3VANV109181$4650 790 1$aRescio, Giuseppe Alberto$zRescio, Giuseppe A.$3VANV076248 801 $aIT$bSOL$c20251114$gRICA 899 $aBIBLIOTECA DEL DIPARTIMENTO DI GIURISPRUDENZA$1IT-CE0105$2VAN00 912 $aVAN00000009 950 $aBIBLIOTECA DEL DIPARTIMENTO DI GIURISPRUDENZA$d00CONS X.Ed.45 1 $e00 17366 20020426 996 $aRepubblica Federale Tedesca, Francia, Gran Bretagna, Spagna, Austria$91407349 997 $aUNICAMPANIA